000 01012cam a22003137a 4500
001 2951
005 20250826093552.0
020 _a9781609921453
040 _aUKMGB
_beng
_cUKMGB
_dBTCTA
_dOCLCO
_dIK2
_dQBX
_dT3N
_dVP@
_dBDX
_dDLC
050 0 0 _aQK495.F14
_b 2010
082 0 4 _a571.82346
100 1 _aDe la Bédoyère, Camilla
245 1 0 _aAcorn to oak tree /
_cCamilla de la Bédoyère.
260 _aLondon :
_bQEB Publisning,
_c2010
300 _a24 pages :
_bcolor illustrations ;
_c25 cm.
490 _aLife Cycles
500 _aOriginally published: 2011.
500 _aIncludes index.
505 _aK
520 _aExamines the life cycle of oak trees, including where they grow, what they need to grow, and why they are important --
521 2 _a520
_bLexile
521 2 _aK
_bRaz-Plus
650 0 _aOak
_xLife cycles
_vJuvenile literature.
650 1 _aOak.
650 1 _aTrees.
650 1 _aAcorns.
906 _a7
_bcbc
_ccopycat
_d2
_encip
_f20
_gy-gencatlg
942 _2ddc
_cBK
_n0
999 _c2951
_d2951